000
00287nam a22001097a 4500
041
_a
eng
080
_a
80
100
_a
Блувштейн, В. О.
245
_a
Словарь сокращений англ, нем, голл., и скан., яз..
650
_a
Reference
999
_c
280703
_d
280703
942
_c
BK